| 000 | 00370 a2200097 4500 | ||
|---|---|---|---|
| 082 | _a388.1 MAL | ||
| 100 | _aShoeb Raza Mallick | ||
| 245 |
_aDevelopment of Axial Load Spectra N - 5 Islamabad Peshawar Pakistan [MS Thesis] / _cShoeb Raza Mallick |
||
| 260 |
_aRawalpindi : _bNational Institute of Transportation, _c2009 |
||
| 300 |
_axii, 109p. : _bill. ; _c30 cm _eCD |
||
| 650 | _aTransportation Engineering | ||
| 999 |
_c2003 _d2003 |
||